000 00349nam a2200133Ia 4500
008 240624s9999 xx 000 0 und d
041 _aeng
082 _a828 TOY
100 _aTOYE RICHARD
245 _aROAR OF THE LION THE UNTOLD STORY OF CHU
260 _c2013
_aNew Delhi
_bOxford India
300 _aix, : 309 : p. : cm. ; 23
365 _cRS
_b31
999 _c23419
_d23419